| 000 | 00760nam a2200229Ia 4500 | ||
|---|---|---|---|
| 008 | 130821s2003 sp gr spa | ||
| 020 | _a84120655279 | ||
| 040 |
_aCo-BoUCM _bspa |
||
| 041 | 0 | 0 | _aspa |
| 100 | 1 |
_aWoolf, Virginia _d1882-1941 _959030 |
|
| 245 | 1 | 0 |
_aAl Faro _cVirginia Woolf; traducción de José Lios López Muñoz |
| 260 |
_aMadrid (España) _bAlianza Editorial. _c2003 |
||
| 300 | _a241 páginas | ||
| 490 |
_aBiblioteca de Autor _v0737. |
||
| 650 | 0 | 4 |
_aLiteratura europea _926524 |
| 650 | 0 | 4 |
_aLiteratura inglesa _9272 |
| 650 | 0 | 4 |
_aNovela inglesa _920530 |
| 700 | 1 |
_aLopez Muñoz, José Luis. _etrad. _962905 |
|
| 765 | 1 | 0 | _tTo the Lighthouse. |
| 942 |
_cLIBRO _a18 _e1 _mW913a _2DEWEY _h823.912 |
||
| 999 |
_c44831 _d44831 |
||